Catálogo
 En Linea
Vista normal Vista MARC

Entrada Nombre de reunión

Número de registros utilizados en: 1

001 - NÚMERO DE CONTROL

  • campo de control: 83298

003 - IDENTIFICADOR DEL NÚMERO DE CONTROL

  • campo de control: DO-SdBNP

005 - FECHA Y HORA DE LA ÚLTIMA TRANSACCIÓN

  • campo de control: 20230425141928.0

008 - DATOS DE LONGITUD FIJA

  • campo de control de longitud fija: 230425|| aca||aabn | a|a d

040 ## - FUENTE DE LA CATALOGACIÓN

  • Centro catalogador/agencia de origen: DO-SdBNP
  • Centro/agencia transcriptor: DO-SdBNP

111 ## - ENCABEZAMIENTO--NOMBRE DE CONGRESO/REUNIÓN

  • Nombre de congreso/reunión o jurisdicción como elemento de entrada: Espacios Culturales
  • Sede del congreso/Lugar de la reunión: Casa de Teatro
  • Número del congreso/reunión o número de parte o sección: 20 de Octubre del 2016

670 ## - FUENTE DE DATOS ENCONTRADOS

  • Cita de la fuente: Work cat.: (DO-SdBNP)53349: Espacios Culturales Casa de Teatro 20 de Octubre del 2016, 23 Exposicion individual

Con tecnología Koha